000 00474nam a22001337a 4500
999 _c520645
_d520645
008 220928b ||||| |||| 00| 0 eng d
100 _aSharma, Rashi and Pattanayak, Purabi
_934615
245 _aParadigm shift in school education during Prime Minister Narendra Modi ERA
260 _aIndian Journal of Public Administration
300 _a68(3), Sep, 2022: p.491-503
773 _aIndian Journal of Public Administration
906 _aPRIMARY EDUCATION
942 _cAR